Страхування (Запис № 337732)

МАРК-запис
000 -LEADER
fixed length control field 00787nam a22002537a 4500
001 - CONTROL NUMBER
control field 51634
003 - CONTROL NUMBER IDENTIFIER
control field UA-OsUOA
005 - DATE AND TIME OF LATEST TRANSACTION
control field 20200514230233.0
007 - PHYSICAL DESCRIPTION FIXED FIELD--GENERAL INFORMATION
fixed length control field ta
008 - FIXED-LENGTH DATA ELEMENTS--GENERAL INFORMATION
fixed length control field 20080117b un ||||| |||| 00| 0 ukr d
020 ## - INTERNATIONAL STANDARD BOOK NUMBER
International Standard Book Number 978-966-351-102-3
040 ## - CATALOGING SOURCE
Original cataloging agency UA-OsUOA
Language of cataloging ukr
Transcribing agency UA-OsUOA
Modifying agency UA-OsUOA
041 ## - LANGUAGE CODE
Language code of text/sound track or separate title ukr
080 ## - UNIVERSAL DECIMAL CLASSIFICATION NUMBER
Universal Decimal Classification number 368(075.8)
090 ## - LOCALLY ASSIGNED LC-TYPE CALL NUMBER (OCLC); LOCAL CALL NUMBER (OCLC)
Classification number (OCLC) (R) ; Classification number, CALL (RLIN) (NR) 368(075.8)
Local cutter number (OCLC) ; Book number/undivided call number, CALL (RLIN) Т48
100 ## - MAIN ENTRY--PERSONAL NAME
Personal name Ткаченко Н. В.
245 ## - TITLE STATEMENT
Title Страхування
Remainder of title Навчальний посібник
260 ## - PUBLICATION, DISTRIBUTION, ETC. (IMPRINT)
Place of publication, distribution, etc К.
Name of publisher, distributor, etc Ліра-К
Date of publication, distribution, etc 2007
300 ## - PHYSICAL DESCRIPTION
Extent 376 с.
650 #7 - SUBJECT ADDED ENTRY--TOPICAL TERM
Topical term or geographic name as entry element 36 Забезпечення духовних та матеріальних життєвих потреб
Source of heading or term UDC
942 ## - ADDED ENTRY ELEMENTS (KOHA)
Koha item type Книги
Source of classification or shelving scheme Universal Decimal Classification
955 ## - COPY-LEVEL INFORMATION (RLIN)
Classification number, CCAL (RLIN) Навчальні видання
Фонди
Withdrawn status Lost status Source of classification or shelving scheme Damaged status Not for loan Home library Current library Date acquired Source of acquisition Cost, normal purchase price Inventory number Total Checkouts Full call number Barcode Checked out Date last seen Date checked out Price effective from Koha item type
    Universal Decimal Classification     ЧЗ - Читальна зала АБ - Абонемент НБ 17/01/2008 5/2008 35.00 110272 1 368(075.8) Т48 110272   13/07/2022 17/09/2019 17/01/2008 Книги
    Universal Decimal Classification     АБ - Абонемент НБ АБ - Абонемент НБ 27/04/2011 56/2011 75.00 132240 1 368(075.8) Т48 132240   29/11/2021 18/07/2019 27/04/2011 Книги
    Universal Decimal Classification     ЧЗ - Читальна зала ЧЗ - Читальна зала 17/01/2008 5/2008 35.00 110271 1 368(075.8) Т48 110271 24/10/2019 26/07/2019 26/07/2019 17/01/2008 Книги